Statistics for Colorful North American Team Names

Click here to take the quiz!

General Stats

  • This quiz has been taken 22,385 times
    (10,089 since last reset)
  • The average score is 11 of 31

Answer Stats

Sport Team % Correct
MLBReds
97%
MLBRed Sox
84%
MLBWhite Sox
83%
MLBBlue Jays
72%
NFLBrowns
68%
NHLBlues
62%
NHLBlackhawks
61%
NFLRedskins
58%
NHLRed Wings
57%
NHLBlue Jackets
49%
NHLGolden Knights
37%
College FootballOrange
37%
College FootballCrimson Tide
34%
College FootballCardinal
32%
College FootballBlue Devils
31%
College FootballYellow Jackets
30%
MLSRed Bulls
21%
College FootballGreen Wave
20%
College FootballRed Raiders
19%
College FootballBlack Knights
17%
College FootballScarlet Knights
17%
College FootballRedHawks
14%
College FootballGolden Gophers
13%
College FootballMean Green
13%
MLSWhitecaps
12%
College FootballGolden Bears
12%
College FootballGolden Eagles
11%
College FootballGolden Hurricane
11%
College FootballGolden Flashes
8%
College FootballBlue Raiders
8%
College FootballRed Wolves
6%

Score Distribution

Percentile by Number Answered

Percent of People with Each Score

Your Score History

You have not taken this quiz since the last reset